<?xml version="1.0" encoding="UTF-8"?>
<record
    xmlns:xsi="http://www.w3.org/2001/XMLSchema-instance"
    xsi:schemaLocation="http://www.loc.gov/MARC21/slim http://www.loc.gov/standards/marcxml/schema/MARC21slim.xsd"
    xmlns="http://www.loc.gov/MARC21/slim">

  <leader>01218nam a2200217 a 4500</leader>
  <controlfield tag="001">79012</controlfield>
  <controlfield tag="003">BD-RjUL</controlfield>
  <controlfield tag="005">20211216105031.0</controlfield>
  <controlfield tag="008">211216s1964    le ||||| |||| 00| 0 ara d</controlfield>
  <datafield tag="035" ind1=" " ind2=" ">
    <subfield code="a">(BD-RjUL)79012</subfield>
  </datafield>
  <datafield tag="040" ind1=" " ind2=" ">
    <subfield code="a">BD-RjUL</subfield>
    <subfield code="b">eng</subfield>
    <subfield code="c">BD-RjUL</subfield>
  </datafield>
  <datafield tag="041" ind1=" " ind2=" ">
    <subfield code="a">ara</subfield>
  </datafield>
  <datafield tag="082" ind1=" " ind2=" ">
    <subfield code="2">23</subfield>
    <subfield code="a">892.7</subfield>
    <subfield code="b">JAM 1964</subfield>
  </datafield>
  <datafield tag="110" ind1=" " ind2=" ">
    <subfield code="4">J&#x101;mi&#x2BB;at Bayr&#x16B;t al-&#x2BB;Arab&#x12B;yah.</subfield>
  </datafield>
  <datafield tag="245" ind1="1" ind2="0">
    <subfield code="a">&#x645;&#x62D;&#x627;&#x636;&#x631;&#x627;&#x62A; &#x627;&#x644;&#x645;&#x648;&#x633;&#x645; &#x627;&#x644;&#x62B;&#x642;&#x627;&#x641;&#x64A; &#x627;&#x644;&#x631;&#x627;&#x628;&#x639; &#x644;&#x62C;&#x627;&#x645;&#x639;&#x629; &#x628;&#x64A;&#x631;&#x648;&#x62A; &#x627;&#x644;&#x639;&#x631;&#x628;&#x64A;&#x629; : &#x633;&#x644;&#x633;&#x644;&#x629; &#x627;&#x644;&#x645;&#x62D;&#x627;&#x636;&#x631;&#x627;&#x62A; &#x627;&#x644;&#x62A;&#x64A; &#x627;&#x644;&#x642;&#x64A;&#x62A; &#x628;&#x645;&#x646;&#x627;&#x633;&#x628;&#x629; &#x627;&#x641;&#x62A;&#x62A;&#x627;&#x62D; &#x642;&#x627;&#x639;&#x629; &#x627;&#x644;&#x627;&#x62D;&#x62A;&#x641;&#x627;&#x644;&#x627;&#x62A; &#x627;&#x644;&#x643;&#x628;&#x631;&#x649; &#x628;&#x627;&#x644;&#x62C;&#x627;&#x645;&#x639;&#x629;&#x60C; &#x627;&#x644;&#x639;&#x627;&#x645; &#x627;&#x644;&#x62C;&#x627;&#x645;&#x639;&#x64A; &#x661;&#x669;&#x666;&#x663;-&#x661;&#x669;&#x666;&#x664;. ;;;  Mu&#x1E25;&#x101;&#x1E0D;ar&#x101;t al-mawsim al-thaq&#x101;f&#x12B; al-r&#x101;bi&#x2BB; li-J&#x101;mi&#x2BB;at Bayr&#x16B;t al-&#x2BB;Arab&#x12B;yah : silsilat al-mu&#x1E25;&#x101;&#x1E0D;ar&#x101;t allat&#x12B; ulqiyat bi-mun&#x101;sabat iftit&#x101;&#x1E25; qa&#x2BB;&#x101;t al-i&#x1E25;tif&#x101;l&#x101;t al-kubr&#xE1; bi-al-J&#x101;mi&#x2BB;ah, al-&#x2BB;&#x101;m al-j&#x101;mi&#x2BB;&#x12B; 1963-1964./</subfield>
    <subfield code="c">J&#x101;mi&#x2BB;at Bayr&#x16B;t al-&#x2BB;Arab&#x12B;yah.</subfield>
  </datafield>
  <datafield tag="264" ind1=" " ind2=" ">
    <subfield code="a">[Bayr&#x16B;t] :, </subfield>
    <subfield code="b">&#x62C;&#x627;&#x645;&#x639;&#x629; &#x628;&#x64A;&#x631;&#x648;&#x62A; &#x627;&#x644;&#x639;&#x631;&#x628;&#x64A;&#x629;&#x60C;;;   J&#x101;mi&#x2BB;at Bayr&#x16B;t al-&#x2BB;Arab&#x12B;yah, </subfield>
    <subfield code="c">1964</subfield>
  </datafield>
  <datafield tag="300" ind1=" " ind2=" ">
    <subfield code="a">168 pages ; </subfield>
    <subfield code="c">24 cm</subfield>
  </datafield>
  <datafield tag="650" ind1=" " ind2=" ">
    <subfield code="a">Arabic literature </subfield>
    <subfield code="y">20th century.</subfield>
    <subfield code="9">225</subfield>
  </datafield>
  <datafield tag="650" ind1=" " ind2=" ">
    <subfield code="a">Arab countries </subfield>
    <subfield code="v">Intellectual life.</subfield>
    <subfield code="9">226</subfield>
  </datafield>
  <datafield tag="942" ind1=" " ind2=" ">
    <subfield code="2">ddc</subfield>
    <subfield code="c">BK</subfield>
  </datafield>
  <datafield tag="999" ind1=" " ind2=" ">
    <subfield code="c">79012</subfield>
    <subfield code="d">79012</subfield>
  </datafield>
  <datafield tag="952" ind1=" " ind2=" ">
    <subfield code="0">0</subfield>
    <subfield code="1">0</subfield>
    <subfield code="2">ddc</subfield>
    <subfield code="4">0</subfield>
    <subfield code="7">1</subfield>
    <subfield code="8">NFIC</subfield>
    <subfield code="a">RUCL</subfield>
    <subfield code="b">RUCL</subfield>
    <subfield code="c">Reading</subfield>
    <subfield code="d">1976-06-30</subfield>
    <subfield code="o">A 892.7 JAM 1964</subfield>
    <subfield code="r">2021-12-16 00:00:00</subfield>
    <subfield code="t">C-1</subfield>
    <subfield code="y">BK</subfield>
  </datafield>
</record>
